Podvojné účtovníctvo súkromných podnikateľov

Uložené v:
Podrobná bibliografia
Médium: Kniha
Jazyk:Slovak
Vydavateľské údaje: Bratislava ORGA-TRADE 1990
Vydanie:1. vyd.
Tagy: Pridať tag
Žiadne tagy, Buďte prvý, kto otaguje tento záznam!

MARC

LEADER 00000nam a2200000 4500
001 c022112
005 20221215071133.0
041 0 |a slo 
044 |a SK 
245 1 0 |a Podvojné účtovníctvo súkromných podnikateľov 
250 |a 1. vyd. 
264 1 |a Bratislava  |b ORGA-TRADE  |c 1990 
300 |a 135 s.